Węgry : wychodzenie z kryzysu 1956 /

Hlavní autor: Nowak, Jerzy Robert, 1940-
Jazyk: Polština
Vydáno: Warszawa : Książka i Wiedza, 1984
Vydání: 1. wyd.
Fyzický popis: 260 s.
Knihy
Uloženo v:
LEADER 00646nam a22002172a 4500
001 000871423
003 CZ BrMZK
005 20080612135954.0
007 ta
008 071018s1984 pl er|||||||||||pol d
040 |a BOA001  |b cze 
080 9 |a 943.9.08"1956" 
100 1 |a Nowak, Jerzy Robert,  |d 1940-  |7 xx0017443  |4 aut 
245 1 0 |a Węgry :  |b wychodzenie z kryzysu 1956 /  |c Jerzy Robert Nowak 
250 |a 1. wyd. 
260 |a Warszawa :  |b Książka i Wiedza,  |c 1984 
300 |a 260 s. 
910 |a BOA001  |b 1-0886.707 
990 |a BK 
991 |b 200710 
996 7 |b 2619593591  |c 1-0886.707  |l MZK  |r Sklad / do 1 hodiny  |n 0  |w 000871423  |u 000010  |a 1  |e BOA001  |j MZK50  |s A